000 00348nam a2200145Ia 4500
008 230711s9999||||xx |||||||||||||| ||und||
041 _aENG
082 _a20
_bWA-P
100 _aWalker,Theodore D
245 0 _aPerspective sketches
250 _a1st
260 _c1989
_aNew York
_bVan Nostrand Reinhold Co.
650 _aArchitecture
942 _cBK
999 _c1246
_d1246